| 000 | 00000nam##2200000za#4500 |
| 001 | 9.602576 |
| 003 | CaOODSP |
| 005 | 20210624210636 |
| 007 | cr ||||||||||| |
| 008 | 150406|1992||||xxc|||||o f|0| 0 fre|d |
| 040 | |aCaOODSP|bfre |
| 043 | |an-cn--- |
| 086 | 1 |aJS5-1/5-1992F-PDF |
| 110 | 1 |aCanada. |bSolliciteur général Canada. |
| 245 | 10|aÉtude sur l'administration de la justice appliquée aux Inuit du nord du Québec / |h[ressource électronique]|c[par] Corinne Jetté. |
| 260 | |bSolliciteur général Canada |c6 novembre 1990. |
| 300 | |a63p.|btableaux |
| 490 | 1 |aCollection sur les Autochtones|vCA 5 APC (1992) |
| 500 | |aLe n° de catalogue (JS5-1/5-1992F) et l'ISBN (0-662-98054-9) de l'édition imprimée ont été incorrectement copiés dans l'édition électronique. |
| 590 | |a11-26-Supp|b2011-11-03 |
| 720 | 1 |aJetté, Corinne |
| 775 | 08|tA survey of the administration of justice respecting the Inuit of Northern Quebec / |w(CaOODSP)9.572166 |
| 830 | #0|aCollection sur les autochtones ;|vCA 5 APC (1992)|w(CaOODSP)9.501991 |
| 856 | 40|ahttp://publications.gc.ca|qPDF|s138 Ko|uhttps://publications.gc.ca/collections/collection_2011/sp-ps/JS5-1-5-1992-fra.pdf|yCA 5 APC (1992) |